2018 FIFA World Cup - All Goalscorers - Statistics

General Stats
  • This quiz has been taken 166 times
  • The average score is 55 of 122
Answer Stats
Hint Answer % Correct
4 Goals Portugal Cristiano Ronaldo
98%
6 Goals England Harry Kane
98%
4 Goals France Kylian Mbappé
95%
4 Goals Belgium Romelu Lukaku
95%
1 Goal Argentina Lionel Messi
92%
2 Goals Croatia Luka Modrić
91%
4 Goals France Antoine Griezmann
90%
2 Goals Brazil Neymar
89%
2 Goals Uruguay Luis Suárez
88%
3 Goals Belgium Eden Hazard
87%
2 Goals South Korea Son Heung-min
86%
3 Goals Uruguay Edinson Cavani
85%
2 Goals Egypt Mohamed Salah
85%
3 Goals Croatia Ivan Perišić
83%
3 Goals | Own Goal Croatia Mario Mandžukić
83%
1 Goal Belgium Kevin De Bruyne
80%
1 Goal Argentina Ángel Di María
75%
2 Goals Argentina Sergio Agüero
73%
3 Goals Spain Diego Costa
72%
1 Goal France Paul Pogba
70%
1 Goal Colombia Radamel Falcao
69%
4 Goals | Own Goal Russia Denis Cheryshev
67%
1 Goal Denmark Christian Eriksen
66%
1 Goal Croatia Ivan Rakitić
66%
1 Goal Germany Toni Kroos
64%
1 Goal Senegal Sadio Mané
62%
1 Goal Switzerland Xherdan Shaqiri
60%
3 Goals Russia Artem Dzyuba
59%
1 Goal France Benjamin Pavard
58%
1 Goal Brazil Thiago Silva
58%
1 Goal Croatia Domagoj Vida
56%
1 Goal England Harry Maguire
56%
3 Goals Colombia Yerry Mina
56%
1 Goal Mexico Javier Hernández
55%
2 Goals Brazil Philippe Coutinho
55%
1 Goal France Samuel Umtiti
55%
2 Goals Nigeria Ahmed Musa
54%
1 Goal Switzerland Granit Xhaka
54%
1 Goal Belgium Jan Vertonghen
54%
1 Goal Japan Keisuke Honda
54%
1 Goal Belgium Nacer Chadli
54%
1 Goal Russia Aleksandr Golovin
53%
2 Goals England John Stones
53%
1 Goal Colombia Juan Cuadrado
53%
1 Goal Croatia Andrej Kramarić
50%
1 Goal England Jesse Lingard
50%
1 Goal Belgium Dries Mertens
49%
1 Goal England Kieran Trippier
48%
1 Goal Germany Marco Reus
48%
1 Goal Iceland Gylfi Sigurðsson
47%
1 Goal Belgium Marouane Fellaini
47%
1 Goal Sweden Emil Forsberg
46%
1 Goal Argentina Marcos Rojo
46%
1 Goal Spain Nacho
46%
1 Goal Portugal Pepe
46%
2 Goals Tunisia Wahbi Khazri
46%
1 Goal Denmark Yussuf Poulsen
46%
1 Goal France Raphaël Varane
45%
1 Goal Russia Mário Fernandes
44%
1 Goal Belgium Thomas Meunier
44%
1 Goal Croatia Ante Rebić
43%
1 Goal South Korea Kim Young-gwon
43%
1 Goal England Dele Alli
41%
1 Goal Argentina Gabriel Mercado
41%
2 Goals Australia Mile Jedinak
41%
1 Goal Portugal Ricardo Quaresma
41%
1 Goal Brazil Roberto Firmino
40%
1 Goal Belgium Adnan Januzaj
39%
1 Goal Mexico Hirving Lozano
39%
1 Goal Uruguay José Giménez
39%
1 Goal Belgium Michy Batshuayi
39%
1 Goal Serbia Aleksandar Mitrović
38%
1 Goal Spain Isco
37%
1 Goal Colombia Juan Fernando Quintero
37%
2 Goals Sweden Andreas Granqvist
36%
1 Goal Brazil Renato Augusto
35%
1 Goal Saudi Arabia Salem Al-Dawsari
35%
2 Goals Japan Takashi Inui
35%
1 Goal Spain Iago Aspas
34%
Own Goal Brazil Fernandinho
33%
1 Goal Morocco Youssef En-Nesyri
33%
1 Goal Brazil Paulinho
32%
1 Goal Japan Shinji Kagawa
32%
1 Goal Nigeria Victor Moses
32%
1 Goal Serbia Aleksandar Kolarov
30%
1 Goal Poland Grzegorz Krychowiak
28%
1 Goal Iceland Alfreð Finnbogason
27%
1 Goal Peru Paolo Guerrero
27%
1 Goal Senegal M'Baye Niang
26%
1 Goal Peru André Carrillo
25%
1 Goal Poland Jan Bednarek
25%
1 Goal Sweden Ola Toivonen
25%
1 Goal Mexico Carlos Vela
24%
1 Goal Croatia Milan Badelj
21%
1 Goal Switzerland Steven Zuber
21%
1 Goal Russia Yury Gazinsky
20%
1 Goal Switzerland Blerim Džemaili
19%
Own Goal Mexico Edson Álvarez
18%
1 Goal Japan Genki Haraguchi
18%
Own Goal Poland Thiago Cionek
18%
Own Goal Switzerland Yann Sommer
18%
1 Goal Denmark Mathias Jørgensen / Zanka
17%
1 Goal Senegal Moussa Wagué
16%
1 Goal Tunisia Ferjani Sassi
15%
1 Goal Switzerland Josip Drmić
15%
1 Goal Morocco Khalid Boutaïb
15%
1 Goal Japan Yuya Osako
15%
Own Goal Australia Aziz Behich
14%
1 Goal Tunisia Dylan Bronn
14%
1 Goal Costa Rica Kendall Waston
14%
1 Goal Sweden Ludwig Augustinsson
14%
Own Goal Russia Sergei Ignashevich
14%
1 Goal Panama Felipe Baloy
13%
1 Goal Iran Karim Ansarifard
13%
1 Goal Saudi Arabia Salman Al-Faraj
12%
Own Goal Egypt Ahmed Fathy
11%
Own Goal Nigeria Peter Etebo
11%
1 Goal Tunisia Fakhreddine Ben Youssef
9%
Own Goal Morocco Aziz Bouhaddouz
7%
Own Goal Tunisia Yassine Meriah
5%
No matching quizzes found
Score Distribution
Percent of People with Each Score
Percentile by Number Answered
Your Score History
You have not taken this quiz